Central Library OPAC University of Rajshahi

The Spanish Armada / (Record no. 29627)

MARC details
000 -LEADER
fixed length control field 00902cam a22002771 4500
001 - CONTROL NUMBER
control field 29627
003 - CONTROL NUMBER IDENTIFIER
rucl marc code BD-RjUL
005 - DATE AND TIME OF LATEST TRANSACTION
control field 20211209051433.0
008 - FIXED-LENGTH DATA ELEMENTS--GENERAL INFORMATION
fixed length control field 140406s1967 enka j 000 0 eng
035 ## - SYSTEM CONTROL NUMBER
System control number (BD-RjUL)29712
040 ## - CATALOGING SOURCE
Original cataloging agency DLC
Transcribing agency DLC
Modifying agency DLC
Language of cataloging eng
041 ## - LANGUAGE CODE
Language code of text/sound track or separate title eng
082 00 - DEWEY DECIMAL CLASSIFICATION NUMBER
Classification number 942.05
Author mark and year HOS 1967
100 1# - MAIN ENTRY--PERSONAL NAME
Personal name Hodges, C. Walter
Fuller form of name (Cyril Walter),
Dates associated with a name 1909-
9 (RLIN) 90267
245 14 - TITLE STATEMENT
Title The Spanish Armada /
Statement of responsibility, etc. written and illustrated by C. Walter Hodges.
260 ## - PUBLICATION, DISTRIBUTION, ETC. (IMPRINT)
Place of publication, distribution, etc. London :
Name of publisher, distributor, etc. Oxford U.P.,
Date of publication, distribution, etc. 1967.
300 ## - PHYSICAL DESCRIPTION
Pagination 32 p. :
Illustrations ill. ;
Size 25 cm.
350 ## - PRICE (NR) (BK AM CF MU VM SE) [OBSOLETE]
Price 15/-
490 0# - SERIES STATEMENT
Series statement The Story of Britain
650 #0 - SUBJECT ADDED ENTRY--TOPICAL TERM
Topical term or geographic name as entry element Armada, 1588
General subdivision Juvenile literature.
9 (RLIN) 90268
651 #0 - SUBJECT ADDED ENTRY--GEOGRAPHIC NAME
Geographic name Great Britain
General subdivision History, Naval
Chronological subdivision Tudors, 1485-1603
General subdivision Juvenile literature.
9 (RLIN) 90269
Geographic name Spain
General subdivision History, Naval
Chronological subdivision 16th century
General subdivision Juvenile literature.
9 (RLIN) 90270
942 ## - ADDED ENTRY ELEMENTS (KOHA)
Source of classification or shelving scheme Dewey Decimal Classification
Koha item type Books
Holdings
Lost status Source of classification or shelving scheme Damaged status Not for loan Collection code Permanent Location Current Location Shelving location Date acquired Source of acquisition Cost, normal purchase price Total Checkouts Full call number Date last seen Copy number Koha item type
  Dewey Decimal Classification   Added to bundle Non-fiction Central Library, University of Rajshahi Central Library, University of Rajshahi Reading Room 26/06/1970 Zeitlinger 0.00   942.05 HOS 1967 06/04/2014 C-1 Books